Η αρχαιοβοτανική έρευνα της διατροφής στην προϊστορική Ελλάδα

Αποθηκεύτηκε σε:
Λεπτομέρειες βιβλιογραφικής εγγραφής
Κύριος συγγραφέας: Βαλαμώτη, Σουλτάνα-Μαρία
Μορφή: Βιβλίο
Γλώσσα:Greek
Δημοσίευση: Θεσσαλονίκη : University Studio Press, 2009.
Έκδοση:1η έκδ.
Θέματα:
Ετικέτες: Προσθήκη ετικέτας
Δεν υπάρχουν, Καταχωρήστε ετικέτα πρώτοι!

MARC

LEADER 00000nam a2200000 i 4500
001 1/11985
008 110215s2009 gr ||||| ||| ||gre||
020 |a 9789601217499   |q (χαρτόδετο) 
035 |l 10109618 
040 |a GR-MY-UA  |b gre  |e aacr 
041 0 |a gre 
082 7 |a 394.120938   |2 (22) 
100 1 |a Βαλαμώτη, Σουλτάνα-Μαρία. 
245 1 2 |a Η αρχαιοβοτανική έρευνα της διατροφής στην προϊστορική Ελλάδα /   |c Σουλτάνα-Μαρία Βαλαμώτη.  
250 |a 1η έκδ.  
260 |a Θεσσαλονίκη :   |b University Studio Press,   |c 2009.  
300 |a 220 σ. :   |b εικ., πίν., φωτ. ;   |c 28 εκ.  
504 |a Ξενόγλωσση βιβλιογραφία: σ. 143-173 
504 |a Ελληνική βιβλιογραφία: σ. 174-179 
650 0 0 |a Food habits  |z Greece  |x History. 
650 0 0 |a Prehistoric peoples  |x Food  |z Greece. 
650 0 0 |a Agriculture, Prehistoric  |z Greece. 
650 0 0 |a Paleoethnobotany  |z Greece. 
852 |a INST  |b LEMNOS  |e 20110215  |h 394.120938 ΒΑΛ  |p 005600000535  |q 005600000535  |t BK  |y 0 
852 |a INST  |b LEMNOS  |c EUDOXUS  |e 20190613  |h 394.120938 ΒΑΛ  |p 005600002336  |q 005600002336  |t BK  |y 0 
852 |a INST  |b LEMNOS  |c EUDOXUS  |e 20190604  |h 394.120938 ΒΑΛ  |p 005600002467  |q 005600002467  |t BK  |y 0 
852 |a INST  |b RHODES  |c EUDOXUS  |e 20170109  |h 394.120938 ΒΑΛ  |p 005400038966  |q 005400038966  |t EDX  |y 0 
852 |a INST  |b RHODES  |c EUDOXUS  |e 20170109  |h 394.120938 ΒΑΛ  |p 005400038967  |q 005400038967  |t EDX  |y 0 
901 |a BIBL6-2011-1 
909 |a Μ  |b 166664 
920 |a Εύδοξος  |b Παραγγελία  |y Ρόδος-ΤΜΣ  |z 2017-01 
920 |a Εύδοξος   |b Παραγγελία  |y Λήμνος-ΤΕΤΔ  |z 2018-05 
920 |a Εύδοξος   |b Επιστροφή  |y Λήμνος-ΤΕΤΔ  |z 2018-12 
922 |a 6ΕΛΗ  |b 201010  |c ΤΑΚ/ΤΕΤΔ  |d BEST BOOK HUNTERS 
970 |a ΠΑΝΤΑΖΗ  |b ΑΝΤΩΝΙΑ  |z 2011/02/15